000 00458nam a22001817a 4500
008 170329b xxu||||| |||| 00| p tur d
020 _a9753632894
041 _atur
050 _aPL248.M35
100 _9159
_aRoni Margulies
245 _aMağrur Olma Padişahım
250 _a1. Baskı
260 _aİstanbul
_bYapı Kredi Yayınları
_cEylül 1994
300 _a38 sayfa
500 _aŞiir 33
650 0 _9145
_aTürk Edebiyatı
942 _2lcc
_cBK
999 _c1155
_d1133